• 首页
  • 本馆介绍
  • 公告通知
  • 最新文献
  • 馆藏检索
  • 电子资源
  • 读者导购
  • 参考咨询
  • 我的图书馆
  • 登录
  • 详细信息显示
  • 放入我的书架
  • 预约/预借图书
  • 作者相关作品
  • 分类相关作品
  • 丛书相关作品
  • 出版社相关作品

书目信息

  • 表格格式
  • 工作单格式
  • 卡片格式
题名:
第一国际
    
 
作者: 巴赫、戈尔曼、库尼娜 编
分册: 第一卷  
出版信息: 北京   生活·读书·新知 三联书店  1980.4
页数: 532页
开本: 20cm
丛书名:
单 册:
中图分类: D12
科图分类:
主题词: 国际共产主义运动
电子资源:
ISBN:
000 00738nam0 2200229 45
001 0302260987
005 20040427150257.5
010    @dCNY1.70
091    @a11002.528
100    @a20030226d1980 km y0chiy0120 ea
101 0  @achi
105    @a z 000yy
200 1  @a第一国际@h第一卷@ADi Yi Guo Ji@e(1864-1870)@f(苏)И·А·巴赫、Л·И·戈尔曼、В·Э·库尼娜编@F(Su)И·А·Ba He、Л·И·Ge Er Man、В·Э·Ku Ni Na Bian
210    @a北京@c生活·读书·新知 三联书店@d1980.4
215    @a532页@d20cm
300    @a附录:人名外文中文对照表
517    @a(1864-1870)
606 0  @a国际共产主义运动
690    @aD12@v3
701  0 @a巴赫、戈尔曼、库尼娜@4编
801    @aCN@bTSTC@c20030307
905    @dD12@e1:1@f1@b177696@b34413-414@f2
    
    第一国际.第一卷:(1864-1870)/(苏)И·А·巴赫、Л·И·戈尔曼、В·Э·库尼娜编.-北京:生活·读书·新知 三联书店,1980.4
    532页;20cm
    附录:人名外文中文对照表
    
    ISBN :CNY1.70
    
●
相关链接 在E读中查询图书 在五车中查询图书 在当当中查询图书 在豆瓣中查询图书


正题名:第一国际     索取号:D12/1:1         预约/预借

序号 登录号 条形码 馆藏地/架位号 状态 备注
1 0034412   001752400   密集书库/ [索取号:D12/1:1] 在馆    
2 0034413   001009713   密集书库/ [索取号:D12/1:1] 在馆    
3 0034414   001009697   密集书库/ [索取号:D12/1:1] 在馆    
4 0034415   001752393   密集书库/ [索取号:D12/1:1] 在馆    
5 0034416   001758869   密集书库/ [索取号:D12/1:1] 在馆    
6 0177696   001011327   第一借阅区/ [索取号:D12/1:1] 在馆    
唐山师范学院图书馆 欢迎您!
大连网信软件有限公司© 版权所有